000 00804nam a2200205 a 4500
003 MX-MxUPN
005 20240918100651.0
008 240918s1987 mx |||||r|||| 000 0 spa d
040 _aMX-MxUPN
_bspa
_cMX-MxUPN
041 0 _aspa
050 1 4 _aNE1114.5 M6
_bM67 1987
100 1 _aMora, Francisco
_953590
245 1 0 _aMora en el IFCM :
_bgrabados originales
260 _aMéxico, D.F. :
_bSecretaría de Educación Pública, Dirección General de Capacitación y Mejoramiento Profesional del Magisterio,
_c1987.
300 _a1 portfolio (8 páginas, 7 hojas sueltas)
490 0 _aLa DGCMPM en el arte
500 _aEl porfolio incluye 1 cuadernillo y 7 grabados originales de Francisco Mora, incluyendo un certificado de autenticidad.
600 1 0 _aMora, Francisco
_953590
942 _2lcc
_cLIBRO
999 _c211735
_d211735